00713 2200193 4500001002100000005001700021008004100038035002500079082001400104090002400118110006400142245014300206260005900349300002100408500002600429650003400455850001200489990001800501YOGYA-0209000004474220150420170507.0 ind  a0010-020900000044742 a348.59823 aRQ 348.59823bYog B aYOGYAKARTA (Daerah Istimewa). Biro Bina Pemerintahan Daerah aBuku inventarisasi peraturan perundangan bidang pemerintahan daerah tingkat I mengenai urusan pertambangan Propinsi DIYcPemerintah Daerah aYogyakartabBiro Bina Pemerintah Daerah Setwildac1989 a... jilidc32 cm aYang diterima : jl. 3 aYogyakarta - Peraturan Daerah aYOPDYOG a27216-PD/A.07